000 00424nam a2200145 4500
001 107809
003 ES-MaACL
007 t|
008 061121s1902 fr r ||||1| fre d
100 1 _aMouliéras, Auguste.
_983858
245 1 0 _aFez
_b: ouvrage illustré de 12 photographies /
_cAuguste Mouliéras.
260 _aParís :
_b[s.n],
_c1902 (
_fD. Heintz)
300 _a508 p. :
_bil. ;
_c19 cm.
852 _aES-MaACL
_jC-594
999 _c107809
_d107809